Market and non-market hierarchies : theory of institutional failure

Αποθηκεύτηκε σε:
Λεπτομέρειες βιβλιογραφικής εγγραφής
Κύριος συγγραφέας: Πιτέλης, Χρήστος
Μορφή: Βιβλίο
Γλώσσα:English
Δημοσίευση: Oxford : Blackwell, 1991
Θέματα:
Ετικέτες: Προσθήκη ετικέτας
Δεν υπάρχουν, Καταχωρήστε ετικέτα πρώτοι!

MARC

LEADER 00000nam a2200000 i 4500
001 1/67939
008 931118s1991 eng d
020 |a 0-631-19061-9 
035 |a ΛΕΣΒΟΣb10001984  |l 10001984 
040 |a GR-MY-UA  |b gre  |e aacr 
041 0 |a eng 
082 0 |a 338.542 
100 1 |a Πιτέλης, Χρήστος. 
245 1 0 |a Market and non-market hierarchies :  |b theory of institutional failure /  |c Christos Pitelis 
260 |a Oxford :   |b Blackwell,   |c 1991 
300 |a 254 p. 
504 |a Bibliography: p.225-246. Includes index 
650 0 0 |a Business cycles. 
650 0 0 |a Capitalism. 
650 0 0 |a Bankruptcy. 
650 0 0 |a Business enterprises. 
650 0 0 |a State, The. 
852 |a INST  |b LESVOS  |e 19931118  |h 338.542 ΠΙΤ  |p 005100004205  |q 005100004205  |t BK  |y 0 
909 |a Λ  |b 032324